000 00275nam a22001337a 4500
008 170822b xxu||||| |||| 00| 0 eng d
020 _a070522456
041 _aeng
080 _a51
100 _a37
101 _aMAT
245 _aPLANE GEOMETRY
_cRICH,B
942 _2udc
_cBK
999 _c24487
_d24487